Bilecik Bilecik Bilecik Bilecik Bilecik

Starbucks : (Record no. 41610)

MARC details
000 -BAŞLIK
Sabit Uzunluktaki Kontrol Alanı 01368nam a22003737a 4500
001 - KONTROL NUMARASI
Control Dosyası 0041764
003 - KONTROL NUMARASI KİMLİĞİ
Kontrol Alanı KOHA_MİRAKIL
005 - EN SON İŞLEM TARİHİ ve ZAMANI
Kontrol Alanı 20260207003247.0
007 - FİZİKSEL TANIM SABİT ALAN - GENEL BİLGİ
Sabit uzunluklu kontrol alanı ta
008 - SABİT UZUNLUKTAKİ VERİ ÖGELERİ - GENEL BİLGİ
Sabit Alan 130730b tu |||gr||||#||||0|tur |
020 ## - ISBN - ULUSLARARASI STANDART KİTAP NUMARASI
Isbn 9789944118187
040 ## - KATALOGLAMA KAYNAĞI
Özgün Kataloglama Kurumu TR-BiSEU
Kataloglama Dili tur
Çeviri Kurumu TR-BiSEU
Açıklama Kuralları rda
041 0# - DİL KODU
Metin ya da ses kaydının dil kodu tur
044 ## - YAYINLAYAN/ÜRETEN KURULUŞUN ÜLKE KODU
ISO country code tu
050 ## - SINIFLAMA ve YER NUMARASI
Sınıflama Numarası TX910.5.S38
Yer Numarası A33 2007
100 1# - KİŞİ ADI
Yazar Adı (Kişi adı) Schultz, Howard..
240 10 - TEK BİÇİM BAŞLIK
Tekbiçim Başlık <a href="Pour your heart into it :how Starbucks built a company one cup at a time.">Pour your heart into it :how Starbucks built a company one cup at a time.</a>
Language of a work Türkçe
245 1# - ESER ADI BİLDİRİMİ
Başlık Starbucks :
Alt Eseradı vb. gönlünü işe vermek/
Sorumluluk Bildirimi Howard. Schultz ; Howard Schultz and Dori Jones Yang..
264 #1 - ÜRERİM, YAYIN, DAĞITIM ve TELİF BİLDİRİMİ
Yayın yeri İstanbul :
Yayınlayan Babıali Kültür Yayıncılığı
300 ## - FİZİKSEL TANIMLAMA
Sayfa, Cilt vb. vii, 363 sayfa; 24 cm.
336 ## - İÇERİK TÜRÜ
Content type term metin
Content type code txt
Source rdacontent
337 ## - MEDYA TÜRÜ
Media type term aracısız
Media type code n
Source rdamedia
338 ## - TAŞIYICI TÜRÜ
Carrier type term cilt
Carrier type code nc
Source rdacarrier
490 1# - DİZİ BİLDİRİMİ
Dizi Bildirimi Babıali kültür yayıncılığı ;
Cilt Numarası 127.
490 1# - DİZİ BİLDİRİMİ
Dizi Bildirimi Yönetim ;
Cilt Numarası 13
500 ## - GENEL NOT
Genel Not Özgün adı: Pour your heart into it :how Starbucks built a company one cup at a time.
500 ## - GENEL NOT
Genel Not Dizin var.
500 ## - GENEL NOT
Genel Not "Her bir bardak kahveyi ilk kez hazırlıyormuşcasına" Kapak'tan.
650 #0 - KONU BAŞLIĞI EK GİRİŞ - KONU TERİMİ
Konusal terim veya coğrafi ad Starbucks Coffee Company.
9 (RLIN) 77525
650 #0 - KONU BAŞLIĞI EK GİRİŞ - KONU TERİMİ
Konusal terim veya coğrafi ad Restaurateurs--United States--History.
9 (RLIN) 77526
830 1# - SERİ EK GİRİŞİ - TEKBİÇİM ESER ADI
Tekbiçim Başlık Babıali kültür yayıncılığı ;
Volume number/sequential designation 127.
9 (RLIN) 42459
830 1# - SERİ EK GİRİŞİ - TEKBİÇİM ESER ADI
Tekbiçim Başlık Yönetim ;
Volume number/sequential designation 13
9 (RLIN) 77527
942 ## - EK GİRİŞ ÖGELERİ (KOHA)
Source of classification or shelving scheme Library of Congress Classification
Koha item type Book
Holdings
Materyal Türü Kalıcı Konum Mevcut Konum Raf Yeri Sınıflandırma Kaynağı Edinim Bilgisi Ana Konular Alt Konular Yer Numarası Demirbaş Numarası Fatura Tarihi Maliyet, Alış Fiyatı Maliyet, Yenileme Fiyatı Geri Çekilme Durumu Kayıp Durumu Hasarlı Durumu Kredi için değil Kayıt Tarih Toplam Ödünçverme Son Görülme Tarihi Son Kontrol Tarihi Satın Alma Notu
Book Prof. Dr. Azmi Özcan Kütüphanesi Prof. Dr. Azmi Özcan Kütüphanesi Birûni Salonu Library of Congress Classification Satın TEKNOLOJİ Ev Ekonomisi TX910.5.S38 A33 2007 0041764 24/09/2013 14.17 14.17         30/07/2013 11 14/05/2025 14/05/2025 73291-73383 (92 sayfa)